MARC

LEADER 00000nam0a2200000 4500
001 33907
005 20231101210210.0
035 |a (RuTPU)RU\TPU\book\34278 
035 |a BOOK00000929 
090 |a 33907 
100 |a 20011210d1984 m y0rusy50 ca 
101 0 |a rus 
102 |a RU 
105 |a y j 000zy 
200 1 |a Детали машин. Курсовое проектирование  |e учебное пособие  |f П. Ф. Дунаев, О. П. Леликов 
210 |a Москва  |c Высшая школа  |d 1984 
215 |a 336 с. 
451 1 |0 (RuTPU)RU\TPU\book\34279  |y 5060006964  |t Детали машин: Курсовое проектирование  |o учебное пособие  |f П. Ф. Дунаев, О. П. Леликов  |c Москва  |n Высшая школа  |d 1990  |p 399 с.  |a Дунаев, Петр Федорович 
606 |a Детали машин  |x Курсовое проектирование  |2 stltpush  |3 (RuTPU)RU\TPU\subj\9171  |9 36449 
610 1 |a прикладная механика 
610 1 |a курсовое проектирование 
610 1 |a учебные пособия 
675 |a 621.81.001.63(075.8)  |v 3 
700 1 |a Дунаев  |b П. Ф.  |g Петр Федорович 
701 1 |a Леликов  |b О. П.  |g Олег Павлович 
801 0 |a RU  |b 63413507  |c 20011210  |g PSBO 
801 2 |a RU  |b 63413507  |c 20220719  |g PSBO 
900 |a Прикладная механика 
900 |a Детали машин 
900 |a Основы конструирования 
942 |c BK